Fictional character by picture - C - Statistics

General Stats
  • This quiz has been taken 21 times
  • The average score is 10 of 12
Answer Stats
Picture Answer % Correct
Casper
100%
Catwoman
100%
Chucky
95%
Cookie Monster
95%
Cruella de Vil
95%
Charlie Brown
90%
Chewbacca
90%
Chandler Bing
76%
Chip
71%
Cho Chang
67%
CoCo
62%
Charmander
52%
No matching quizzes found
Score Distribution
Percent of People with Each Score
Percentile by Number Answered
Your Score History
You have not taken this quiz